Southville International School and Colleges
Your cart is empty.
  • Cart
  • Lists
    Public lists Eva Luna New books Lux_list list_1
    Your lists Log in to create your own lists
  • Log in to your account
  • Your cookies
  • Search history
Southville International School and Colleges
  • Advanced search
  • Recent comments
  • Most popular
  • Libraries

Log in to your account

Log in with GOOGLE


If you do not have an external account, but do have a local account, you can still log in:

  1. Home
  2. MARC view: Effective Training :
Normal view MARC view ISBD view

Effective Training : (Record no. 23850)

[ view plain ]
MARC details
000 -LEADER
fixed length control field 00656nam a2200217 a 4500
005 - DATE AND TIME OF LATEST TRANSACTION
control field 20140310183500.0
008 - FIXED-LENGTH DATA ELEMENTS--GENERAL INFORMATION
fixed length control field 100105s19uu xx 00 eng d
020 ## - INTERNATIONAL STANDARD BOOK NUMBER
International Standard Book Number 9780136078326
050 ## - LIBRARY OF CONGRESS CALL NUMBER
Classification number HF 5549.5.T7
Item number .B555 2010
100 ## - MAIN ENTRY--PERSONAL NAME
Personal name Blanchard, P. Nick
245 ## - TITLE STATEMENT
Title Effective Training :
Remainder of title systems, strategies, and practices /
Statement of responsibility, etc P. Nick Blanchard, James W. Thacker.
250 ## - EDITION STATEMENT
Edition statement 4th ed.
260 ## - PUBLICATION, DISTRIBUTION, ETC. (IMPRINT)
Place of publication, distribution, etc Boston :
Name of publisher, distributor, etc Prentice Hall,
Date of publication, distribution, etc 2010.
300 ## - PHYSICAL DESCRIPTION
Extent 489 p. :
Other physical details ill. ;
Dimensions 26 cm.
521 ## - TARGET AUDIENCE NOTE
Target audience note
650 ## - SUBJECT ADDED ENTRY--TOPICAL TERM
Topical term or geographic name as entry element Employees
General subdivision Training of.
650 ## - SUBJECT ADDED ENTRY--TOPICAL TERM
Topical term or geographic name as entry element Occupational training.
700 ## - ADDED ENTRY--PERSONAL NAME
Personal name Thacker, James W.
942 ## - ADDED ENTRY ELEMENTS (KOHA)
Koha item type Books
Source of classification or shelving scheme Library of Congress Classification
Call number prefix Foreign
Holdings
Withdrawn status Lost status Source of classification or shelving scheme Damaged status Home library Current library Shelving location Date acquired Source of acquisition Cost, normal purchase price Total Checkouts Full call number Barcode Date last seen Copy number Price effective from Koha item type
    Library of Congress Classification   College Library College Library General Circulation Section 01/05/2010 Donation 2000.00   HF 5549.5.T7 .B555 2010 C11025 05/15/2018 1 10/18/2013 Books

Effective Training :

APA

Blanchard P. N., Thacker J. W., . (2010). Effective Training. Boston: Prentice Hall.

Chicago

Blanchard P Nick, Thacker James W, . 2010. Effective Training. Boston: Prentice Hall.

Harvard

Blanchard P. N., Thacker J. W., . (2010). Effective Training. Boston: Prentice Hall.

MLA

Blanchard P Nick, Thacker James W, . Effective Training. Boston: Prentice Hall. 2010.

  • Place hold
  • Print
  • Cite
  • Add to your cart (remove)
  • Save record
    BIBTEX Dublin Core MARCXML MARC (non-Unicode/MARC-8) MARC (Unicode/UTF-8) MARC (Unicode/UTF-8, Standard) MODS (XML) RIS
  • More searches
    Search for this title in:
    Other Libraries (WorldCat) Other Databases (Google Scholar) Online Stores (Bookfinder.com) Open Library (openlibrary.org)

Exporting to Dublin Core...

SOUTHVILLE LIBRARY

Southville International School and Colleges Library

1281 Tropical Ave. Cor. Luxembourg St., BF Homes International, Las Pinas City

Tel. No. 8256374 / 252358 Loc. 117/146

Powered by Koha